Loading...

Report of inplant training at MRF Tyres, Chennai : done at MRF Tyres, Chennai

Bibliographic Details
Main Author: Larry Philippose (Author)
Language:English
Published: Kochi CUSAT 2007
LEADER 00484nam a22001337a 4500
005 20200730135718.0
008 101111t xxu||||| |||| 00| 0 eng d
100 |a Larry Philippose  |e Author  |9 2619 
245 |a Report of inplant training at MRF Tyres, Chennai  |b  : done at MRF Tyres, Chennai  |c Larry Philippose 
300 |a 190p. 
942 |c BPR  |6 _ 
260 |a Kochi  |b CUSAT  |c 2007 
999 |c 183574  |d 183574 
952 |0 0  |1 0  |2 udc  |4 0  |6 _  |7 0  |9 236613  |a PSR  |b PSR  |d 2010-11-11  |p PSBT001A  |r 2010-11-11  |w 2010-11-11  |y BPR